[Event "Stay Safe Play From Home 294"]
[Site "Emanuel Lasker Arena"]
[Date "2020.07.10"]
[Round "5"]
[White "Maxe11"]
[Black "Edmatuag"]
[Result "1/2-1/2"]
[WhiteElo "1759"]
[BlackElo "1744"]
[Annotator "NA"]
[PlyCount "136"]
[EventDate "2020.07.10"]
[EventType "swiss (blitz)"]

1. d4 {[%emt 0:00:06]} d5 {[%emt 0:00:02]} 2. Bf4 {[%emt 0:00:01]} b6 {[%emt 0:00:04]} 3. e3 {[%emt 0:00:01]} Ba6 {[%emt 0:00:01]} 4. Bxa6 {[%emt 0:00:04]} Nxa6 {[%emt 0:00:01]} 5. c3 {[%emt 0:00:01]} Qd7 {[%emt 0:00:02]} 6. Nf3 {[%emt 0:00:03]} f6 {[%emt 0:00:02]} 7. Nbd2 {[%emt 0:00:05]} e6 {[%emt 0:00:03]} 8. Qe2 {[%emt 0:00:03]} b5 {[%emt 0:00:12]} 9. a4 {[%emt 0:00:06]} Nb8 {[%emt 0:00:26]} 10. Qxb5 {[%emt 0:00:10]} c6 {[%emt 0:00:02]} 11. Qe2 {[%emt 0:00:09]} Bd6 {[%emt 0:00:02]} 12. Bxd6 {[%emt 0:00:03]} Qxd6 {[%emt 0:00:01]} 13. O-O {[%emt 0:00:02]} Nh6 {[%emt 0:00:04]} 14. b4 {[%emt 0:00:03]} O-O {[%emt 0:00:01]} 15. e4 {[%emt 0:00:01]} Nd7 {[%emt 0:00:07]} 16. Rfe1 {[%emt 0:00:06]} a5 {[%emt 0:00:15]} 17. exd5 {[%emt 0:00:12]} exd5 {[%emt 0:00:05]} 18. Qe6+ {[%emt 0:00:02]} Nf7 {[%emt 0:00:06]} 19. b5 {[%emt 0:00:19]} Rfe8 {[%emt 0:00:10]} 20. Qxd6 {[%emt 0:00:03]} Nxd6 {[%emt 0:00:00]} 21. Rxe8+ {[%emt 0:00:04]} Rxe8 {[%emt 0:00:05]} 22. Rb1 {[%emt 0:00:15]} c5 {[%emt 0:00:03]} 23. Kf1 {[%emt 0:00:05]} c4 {[%emt 0:00:06]} 24. Rb2 {[%emt 0:00:38]} Nb6 {[%emt 0:00:03]} 25. Ra2 {[%emt 0:00:03]} g5 {[%emt 0:00:06]} 26. h3 {[%emt 0:00:02]} Kf7 {[%emt 0:00:02]} 27. Nh2 {[%emt 0:00:24]} h5 {[%emt 0:00:05]} 28. g3 {[%emt 0:00:08]} Kg6 {[%emt 0:00:07]} 29. Nhf3 {[%emt 0:00:02]} Kf5 {[%emt 0:00:04]} 30. h4 {[%emt 0:00:03]} g4 {[%emt 0:00:04]} 31. Ne1 {[%emt 0:00:02]} Re6 {[%emt 0:00:22]} 32. Ng2 {[%emt 0:00:04]} Ne4 {[%emt 0:00:09]} 33. Ne3+ {[%emt 0:00:05]} Kg6 {[%emt 0:00:04]} 34. Nxe4 {[%emt 0:00:02]} Rxe4 {[%emt 0:00:04]} 35. Ng2 {[%emt 0:00:03]} Kf5 {[%emt 0:00:07]} 36. Nf4 {[%emt 0:00:01]} Rxf4 {[%emt 0:00:01]} 37. gxf4 {[%emt 0:00:01]} Kxf4 {[%emt 0:00:01]} 38. Kg2 {[%emt 0:00:02]} Ke4 {[%emt 0:00:05]} 39. Re2+ {[%emt 0:00:07]} Kf5 {[%emt 0:00:04]} 40. Ra2 {[%emt 0:00:03]} Ke4 {[%emt 0:00:02]} 41. Re2+ {[%emt 0:00:02]} Kf5 {[%emt 0:00:03]} 42. Ra2 {[%emt 0:00:05]} Nc8 {[%emt 0:00:05]} 43. f3 {[%emt 0:00:01]} Nb6 {[%emt 0:00:08]} 44. Kg3 {[%emt 0:00:05]} gxf3 {[%emt 0:00:04]} 45. Kxf3 {[%emt 0:00:01]} Nd7 {[%emt 0:00:04]} 46. Ra1 {[%emt 0:00:05]} Nb6 {[%emt 0:00:03]} 47. Rb1 {[%emt 0:00:02]} Ke6 {[%emt 0:00:03]} 48. Kf4 {[%emt 0:00:04]} Kf7 {[%emt 0:00:05]} 49. Kf5 {[%emt 0:00:05]} Nc8 {[%emt 0:00:02]} 50. b6 {[%emt 0:00:02]} Nd6+ {[%emt 0:00:02]} 51. Kf4 {[%emt 0:00:01]} Nb7 {[%emt 0:00:02]} 52. Rb5 {[%emt 0:00:02]} Ke6 {[%emt 0:00:01]} 53. Rc5 {[%emt 0:00:02]} Nxc5 {[%emt 0:00:04]} 54. dxc5 {[%emt 0:00:01]} Kd7 {[%emt 0:00:01]} 55. Kf5 {[%emt 0:00:04]} d4 {[%emt 0:00:02]} 56. cxd4 {[%emt 0:00:01]} c3 {[%emt 0:00:02]} 57. d5 {[%emt 0:00:01]} c2 {[%emt 0:00:01]} 58. c6+ {[%emt 0:00:02]} Kd6 {[%emt 0:00:08]} 59. b7 {[%emt 0:00:07]} Kc7 {[%emt 0:00:03]} 60. Ke6 {[%emt 0:00:01]} c1=Q {[%emt 0:00:03]} 61. d6+ {[%emt 0:00:01]} Kb8 {[%emt 0:00:02]} 62. Kd7 {[%emt 0:00:05]} Qc5 {[%emt 0:00:10]} 63. Ke7 {[%emt 0:00:03]} Qxc6 {[%emt 0:00:03]} 64. d7 {[%emt 0:00:01]} Qc7 {[%emt 0:00:10]} 65. Ke8 {[%emt 0:00:02]} Qe5+ {[%emt 0:00:01]} 66. Kf7 {[%emt 0:00:01]} Qd6 {[%emt 0:00:01]} 67. Ke8 {[%emt 0:00:01]} Qe6+ {[%emt 0:00:01]} 68. Kd8 {[%emt 0:00:04]} Kxb7 {[%emt 0:00:01] (Lag: Av=0.56s, max=1.0s)} 1/2-1/2

[Event "Stay Safe Play From Home 294"]
[Site "Emanuel Lasker Arena"]
[Date "2020.07.10"]
[Round "5"]
[White "Grizzzly"]
[Black "Bishop91"]
[Result "1-0"]
[WhiteElo "1737"]
[BlackElo "1741"]
[Annotator "NA"]
[PlyCount "95"]
[EventDate "2020.07.10"]
[EventType "swiss (blitz)"]

1. d4 {[%emt 0:00:02]} Nf6 {[%emt 0:00:02]} 2. c4 {[%emt 0:00:03]} g6 {[%emt 0:00:00]} 3. Nc3 {[%emt 0:00:02]} Bg7 {[%emt 0:00:00]} 4. e4 {[%emt 0:00:04]} d6 {[%emt 0:00:01]} 5. f3 {[%emt 0:00:01]} O-O {[%emt 0:00:01]} 6. Be3 {[%emt 0:00:01]} e5 {[%emt 0:00:04]} 7. d5 {[%emt 0:00:04]} c6 {[%emt 0:00:01]} 8. Nge2 {[%emt 0:00:01]} Bd7 {[%emt 0:00:04]} 9. Qd2 {[%emt 0:00:01]} cxd5 {[%emt 0:00:04]} 10. cxd5 {[%emt 0:00:03]} Na6 {[%emt 0:00:01]} 11. g4 {[%emt 0:00:12]} Bxg4 {[%emt 0:00:57]} 12. fxg4 {[%emt 0:00:05]} Nxg4 {[%emt 0:00:00]} 13. O-O-O {[%emt 0:00:23]} Qh4 {[%emt 0:00:09]} 14. Bg5 {[%emt 0:00:39]} Qf2 {[%emt 0:00:35]} 15. Ng3 {[%emt 0:00:01]} Qxd2+ {[%emt 0:00:23]} 16. Rxd2 {[%emt 0:00:18]} f6 {[%emt 0:00:01]} 17. h3 {[%emt 0:00:06]} Nh6 {[%emt 0:00:06]} 18. Be3 {[%emt 0:00:04]} Nf7 {[%emt 0:00:02]} 19. Bxa6 {[%emt 0:00:08]} bxa6 {[%emt 0:00:01]} 20. Rf1 {[%emt 0:00:18]} Nd8 {[%emt 0:00:08]} 21. h4 {[%emt 0:00:02]} Nb7 {[%emt 0:00:04]} 22. h5 {[%emt 0:00:02]} Na5 {[%emt 0:00:03]} 23. hxg6 {[%emt 0:00:02]} hxg6 {[%emt 0:00:02]} 24. b3 {[%emt 0:00:08]} Rac8 {[%emt 0:00:07]} 25. Kb2 {[%emt 0:00:02]} Rc7 {[%emt 0:00:04]} 26. Rc1 {[%emt 0:00:04]} Rfc8 {[%emt 0:00:03]} 27. Rdc2 {[%emt 0:00:01]} Kf7 {[%emt 0:00:05]} 28. Na4 {[%emt 0:00:02]} Rxc2+ {[%emt 0:00:03]} 29. Rxc2 {[%emt 0:00:01]} Rxc2+ {[%emt 0:00:01]} 30. Kxc2 {[%emt 0:00:01]} Nb7 {[%emt 0:00:04]} 31. Bxa7 {[%emt 0:00:03]} Bh6 {[%emt 0:00:04]} 32. Kd3 {[%emt 0:00:11]} Ke7 {[%emt 0:00:05]} 33. Bb6 {[%emt 0:00:07]} Bf4 {[%emt 0:00:04]} 34. Ne2 {[%emt 0:00:02]} Bg5 {[%emt 0:00:01]} 35. Nac3 {[%emt 0:00:07]} f5 {[%emt 0:00:02]} 36. a4 {[%emt 0:00:05]} f4 {[%emt 0:00:03]} 37. b4 {[%emt 0:00:10]} Bh6 {[%emt 0:00:05]} 38. b5 {[%emt 0:00:01]} axb5 {[%emt 0:00:05]} 39. Nxb5 {[%emt 0:00:04]} Kd7 {[%emt 0:00:05]} 40. a5 {[%emt 0:00:01]} Nc5+ {[%emt 0:00:03]} 41. Bxc5 {[%emt 0:00:03]} dxc5 {[%emt 0:00:00]} 42. Kc4 {[%emt 0:00:06]} f3 {[%emt 0:00:02]} 43. Ng3 {[%emt 0:00:01]} Be3 {[%emt 0:00:06]} 44. a6 {[%emt 0:00:05]} Kc8 {[%emt 0:00:04]} 45. Nd6+ {[%emt 0:00:07]} Kc7 {[%emt 0:00:07]} 46. a7 {[%emt 0:00:05]} Kxd6 {[%emt 0:00:03]} 47. a8=Q {[%emt 0:00:03]} f2 {[%emt 0:00:00]} 48. Qd8# {[%emt 0:00:05] (Lag: Av=0.33s, max=0.9s)} 1-0

[Event "Stay Safe Play From Home 294"]
[Site "Emanuel Lasker Arena"]
[Date "2020.07.10"]
[Round "5"]
[White "Shyamph1980"]
[Black "Klasman"]
[Result "0-1"]
[WhiteElo "1618"]
[BlackElo "1599"]
[Annotator "NA"]
[PlyCount "36"]
[EventDate "2020.07.10"]
[EventType "swiss (blitz)"]

1. d4 {[%emt 0:00:05]} f5 {[%emt 0:00:01]} 2. c4 {[%emt 0:00:02]} Nf6 {[%emt 0:00:01]} 3. Nf3 {[%emt 0:00:01]} e6 {[%emt 0:00:01]} 4. Nc3 {[%emt 0:00:02]} d5 {[%emt 0:00:01]} 5. cxd5 {[%emt 0:00:06]} Nxd5 {[%emt 0:00:04]} 6. a3 {[%emt 0:00:08]} Nxc3 {[%emt 0:00:07]} 7. bxc3 {[%emt 0:00:02]} Nd7 {[%emt 0:00:05]} 8. Qc2 {[%emt 0:00:03]} Nf6 {[%emt 0:00:02]} 9. Bg5 {[%emt 0:00:03]} Bd7 {[%emt 0:00:02]} 10. e4 {[%emt 0:00:06]} fxe4 {[%emt 0:00:04]} 11. Bxf6 {[%emt 0:00:02]} Qxf6 {[%emt 0:00:12]} 12. Qxe4 {[%emt 0:00:01]} Bc6 {[%emt 0:00:01]} 13. Qe3 {[%emt 0:00:10]} Bd6 {[%emt 0:00:05]} 14. Bc4 {[%emt 0:00:11]} Bxf3 {[%emt 0:00:17]} 15. gxf3 {[%emt 0:00:14]} Kd7 {[%emt 0:00:11]} 16. O-O-O {[%emt 0:00:05]} Bf4 {[%emt 0:00:02]} 17. d5 {[%emt 0:00:15]} Bxe3+ {[%emt 0:00:03]} 18. fxe3 {[%emt 0:00:01]} Qxc3+ {[%emt 0:00:03] Shyamph1980 resigns (Lag: Av=0.74s, max=1.1s)} 0-1

[Event "Stay Safe Play From Home 294"]
[Site "Emanuel Lasker Arena"]
[Date "2020.07.10"]
[Round "5"]
[White "Timbre"]
[Black "Chase the sun"]
[Result "1-0"]
[WhiteElo "1593"]
[BlackElo "1847"]
[Annotator "NA"]
[PlyCount "31"]
[EventDate "2020.07.10"]
[EventType "swiss (blitz)"]

{- Lerch, Martin Erik} 1. d4 {[%emt 0:00:02]} e6 {[%emt 0:00:01]} 2. Nf3 {[%emt 0:00:02]} f5 {[%emt 0:00:01]} 3. c3 {[%emt 0:00:01]} Nf6 {[%emt 0:00:01]} 4. Bf4 {[%emt 0:00:01]} Be7 {[%emt 0:00:01]} 5. e3 {[%emt 0:00:01]} d6 {[%emt 0:00:00]} 6. Be2 {[%emt 0:00:01]} Rg8 {[%emt 0:00:00]} 7. Nbd2 {[%emt 0:00:01]} Kf7 {[%emt 0:00:00]} 8. Ng5+ {[%emt 0:00:03]} Kg6 {[%emt 0:00:03]} 9. h4 {[%emt 0:00:08]} h5 {[%emt 0:00:04]} 10. f3 {[%emt 0:00:05]} Nc6 {[%emt 0:00:03]} 11. g4 {[%emt 0:00:02]} e5 {[%emt 0:00:01]} 12. dxe5 {[%emt 0:00:05]} Nxg4 {[%emt 0:00:10]} 13. fxg4 {[%emt 0:00:03]} fxg4 {[%emt 0:00:03]} 14. exd6 {[%emt 0:00:05]} Bxd6 {[%emt 0:00:01]} 15. Qc2+ {[%emt 0:00:07]} Kf6 {[%emt 0:00:05]} 16. Nge4+ {[%emt 0:00:10] Chase the sun gibt auf (Lag: Av=0.34s, max=0.6s)} 1-0

[Event "Stay Safe Play From Home 294"]
[Site "Emanuel Lasker Arena"]
[Date "2020.07.10"]
[Round "6"]
[White "Dukic"]
[Black "Haxhi Baha"]
[Result "0-1"]
[WhiteElo "1868"]
[BlackElo "2076"]
[PlyCount "56"]
[EventDate "2020.07.10"]
[EventType "swiss (blitz)"]

1. c4 {[%emt 0:00:12]} Nf6 {[%emt 0:00:04]} 2. Nc3 {[%emt 0:00:02]} d6 {[%emt 0:00:01]} 3. g3 {[%emt 0:00:03]} c5 {[%emt 0:00:01]} 4. Nf3 {[%emt 0:00:04]} g6 {[%emt 0:00:00]} 5. d4 {[%emt 0:00:02]} cxd4 {[%emt 0:00:02]} 6. Nxd4 {[%emt 0:00:01]} Nc6 {[%emt 0:00:01]} 7. Nc2 {[%emt 0:00:04]} Bg7 {[%emt 0:00:01]} 8. Bg2 {[%emt 0:00:01]} O-O {[%emt 0:00:02]} 9. Rf1 {[%emt 0:00:02]} h5 {[%emt 0:00:21]} 10. h3 {[%emt 0:00:02]} Be6 {[%emt 0:00:07]} 11. Ne3 {[%emt 0:00:09]} Qd7 {[%emt 0:00:09]} 12. h4 {[%emt 0:00:31]} Rac8 {[%emt 0:00:08]} 13. Bd2 {[%emt 0:00:16]} Ne5 {[%emt 0:00:16]} 14. b3 {[%emt 0:00:03]} Neg4 {[%emt 0:00:02]} 15. Nxg4 {[%emt 0:00:24]} Nxg4 {[%emt 0:00:03]} 16. Rc1 {[%emt 0:00:06]} a6 {[%emt 0:00:11]} 17. Nd5 {[%emt 0:00:08]} Bxd5 {[%emt 0:00:05]} 18. Bxd5 {[%emt 0:00:07]} b5 {[%emt 0:00:23]} 19. f3 {[%emt 0:00:42]} Nf6 {[%emt 0:00:17]} 20. Be3 {[%emt 0:00:15]} e6 {[%emt 0:00:09]} 21. Be4 {[%emt 0:00:03]} Nxe4 {[%emt 0:00:11]} 22. fxe4 {[%emt 0:00:01]} bxc4 {[%emt 0:00:04]} 23. bxc4 {[%emt 0:00:06]} Qc6 {[%emt 0:00:17]} 24. Qd3 {[%emt 0:00:03]} Rfd8 {[%emt 0:00:11]} 25. Kf2 {[%emt 0:00:06]} Qa4 {[%emt 0:00:12]} 26. Qb3 {[%emt 0:00:21]} Qc6 {[%emt 0:00:03]} 27. Qd3 {[%emt 0:00:03]} Qa4 {[%emt 0:00:10]} 28. Qb3 {[%emt 0:00:02]} Qa5 {[%emt 0:00:01] Zeit (Lag: Av=0.81s, max=1.2s)} 0-1

[Event "Stay Safe Play From Home 294"]
[Site "Emanuel Lasker Arena"]
[Date "2020.07.10"]
[Round "6"]
[White "Maxe11"]
[Black "Don59as"]
[Result "1-0"]
[WhiteElo "1759"]
[BlackElo "2031"]
[Annotator "NA"]
[PlyCount "75"]
[EventDate "2020.07.10"]
[EventType "swiss (blitz)"]

1. d4 {[%emt 0:00:02]} d5 {[%emt 0:00:01]} 2. Bf4 {[%emt 0:00:03]} e6 {[%emt 0:00:02]} 3. e3 {[%emt 0:00:01]} Nf6 {[%emt 0:00:15]} 4. Bd3 {[%emt 0:00:03]} Be7 {[%emt 0:00:01]} 5. Nf3 {[%emt 0:00:02]} O-O {[%emt 0:00:01]} 6. Nbd2 {[%emt 0:00:03]} b6 {[%emt 0:00:02]} 7. Qe2 {[%emt 0:00:02]} Bb7 {[%emt 0:00:01]} 8. c3 {[%emt 0:00:01]} Ne4 {[%emt 0:00:01]} 9. Ne5 {[%emt 0:00:09]} f5 {[%emt 0:00:05]} 10. Ndf3 {[%emt 0:00:28]} c5 {[%emt 0:00:14]} 11. h3 {[%emt 0:00:13]} Nd7 {[%emt 0:00:12]} 12. Nxd7 {[%emt 0:00:03]} Qxd7 {[%emt 0:00:01]} 13. Ne5 {[%emt 0:00:01]} Qd8 {[%emt 0:00:01]} 14. O-O-O {[%emt 0:00:17]} cxd4 {[%emt 0:00:06]} 15. cxd4 {[%emt 0:00:02]} Rc8+ {[%emt 0:00:14]} 16. Kb1 {[%emt 0:00:02]} Bd6 {[%emt 0:00:09]} 17. Rc1 {[%emt 0:00:02]} Qe7 {[%emt 0:00:01]} 18. f3 {[%emt 0:00:11]} Nf6 {[%emt 0:00:11]} 19. g4 {[%emt 0:00:05]} g6 {[%emt 0:00:13]} 20. Rhg1 {[%emt 0:00:15]} fxg4 {[%emt 0:00:05]} 21. hxg4 {[%emt 0:00:02]} Nd7 {[%emt 0:00:07]} 22. Qh2 {[%emt 0:00:27]} Nxe5 {[%emt 0:00:09]} 23. dxe5 {[%emt 0:00:02]} Bc5 {[%emt 0:00:07]} 24. Rh1 {[%emt 0:00:12]} Qf7 {[%emt 0:00:12]} 25. Bg5 {[%emt 0:00:18]} Be7 {[%emt 0:00:08]} 26. Bf6 {[%emt 0:00:05]} Rxc1+ {[%emt 0:00:02]} 27. Kxc1 {[%emt 0:00:02]} Bxf6 {[%emt 0:00:10]} 28. exf6 {[%emt 0:00:02]} Rc8+ {[%emt 0:00:04]} 29. Kb1 {[%emt 0:00:03]} d4 {[%emt 0:00:00]} 30. e4 {[%emt 0:00:12]} Rd8 {[%emt 0:00:12]} 31. g5 {[%emt 0:00:05]} Rd7 {[%emt 0:00:02]} 32. Qb8+ {[%emt 0:00:16]} Qf8 {[%emt 0:00:02]} 33. Qxa7 {[%emt 0:00:03]} Bxe4 {[%emt 0:00:41]} 34. Qxd7 {[%emt 0:00:04]} Bxd3+ {[%emt 0:00:00]} 35. Ka1 {[%emt 0:00:02]} h5 {[%emt 0:00:03]} 36. gxh6 {[%emt 0:00:06]} Qxf6 {[%emt 0:00:03]} 37. h7+ {[%emt 0:00:04]} Kh8 {[%emt 0:00:02]} 38. Qe8+ {[%emt 0:00:02] Don59as resigns (Lag: Av=0.68s, max=1.1s)} 1-0

[Event "Stay Safe Play From Home 294"]
[Site "Emanuel Lasker Arena"]
[Date "2020.07.10"]
[Round "6"]
[White "Grizzzly"]
[Black "Edmatuag"]
[Result "0-1"]
[WhiteElo "1754"]
[BlackElo "1745"]
[Annotator "NA"]
[PlyCount "70"]
[EventDate "2020.07.10"]
[EventType "swiss (blitz)"]

1. d4 {[%emt 0:00:01]} d5 {[%emt 0:00:02]} 2. c4 {[%emt 0:00:04]} e6 {[%emt 0:00:02]} 3. Nc3 {[%emt 0:00:01]} Nf6 {[%emt 0:00:02]} 4. Bg5 {[%emt 0:00:02]} c6 {[%emt 0:00:01]} 5. e3 {[%emt 0:00:01]} Nbd7 {[%emt 0:00:01]} 6. Nf3 {[%emt 0:00:01]} Bb4 {[%emt 0:00:01]} 7. Rc1 {[%emt 0:00:02]} Qa5 {[%emt 0:00:02]} 8. Bd3 {[%emt 0:00:21]} Ne4 {[%emt 0:00:02]} 9. cxd5 {[%emt 0:00:59]} Nxc3 {[%emt 0:00:13]} 10. bxc3 {[%emt 0:00:09]} Bxc3+ {[%emt 0:00:01]} 11. Ke2 {[%emt 0:00:00]} exd5 {[%emt 0:00:19]} 12. Qc2 {[%emt 0:00:02]} Bb4 {[%emt 0:00:03]} 13. Bxh7 {[%emt 0:00:06]} Rxh7 {[%emt 0:01:01]} 14. Qxh7 {[%emt 0:00:10]} g6 {[%emt 0:00:01]} 15. Rc2 {[%emt 0:00:24]} Qb5+ {[%emt 0:00:21]} 16. Kd1 {[%emt 0:00:10]} Nf8 {[%emt 0:00:14]} 17. Qh8 {[%emt 0:00:12]} Bf5 {[%emt 0:00:18]} 18. Qe5+ {[%emt 0:00:03]} Ne6 {[%emt 0:00:02]} 19. Bf4 {[%emt 0:00:12]} O-O-O {[%emt 0:00:41]} 20. Qb8+ {[%emt 0:00:05]} Kd7 {[%emt 0:00:02]} 21. Ne5+ {[%emt 0:00:05]} Ke8 {[%emt 0:00:08]} 22. Bg5 {[%emt 0:00:00]} Rxb8 {[%emt 0:00:03]} 23. h4 {[%emt 0:00:16]} Ba3 {[%emt 0:00:04]} 24. h5 {[%emt 0:00:07]} Qb1+ {[%emt 0:00:01]} 25. Ke2 {[%emt 0:00:06]} Qxh1 {[%emt 0:00:00]} 26. hxg6 {[%emt 0:00:01]} Bxg6 {[%emt 0:00:01]} 27. Nxg6 {[%emt 0:00:02]} fxg6 {[%emt 0:00:00]} 28. g3 {[%emt 0:00:07]} Be7 {[%emt 0:00:00]} 29. Bf4 {[%emt 0:00:05]} Qh5+ {[%emt 0:00:00]} 30. f3 {[%emt 0:00:01]} Nxf4+ {[%emt 0:00:01]} 31. gxf4 {[%emt 0:00:01]} Qf5 {[%emt 0:00:00]} 32. Rd2 {[%emt 0:00:01]} Kf7 {[%emt 0:00:01]} 33. e4 {[%emt 0:00:01]} Qxf4 {[%emt 0:00:01]} 34. e5 {[%emt 0:00:02]} Rh8 {[%emt 0:00:02]} 35. e6+ {[%emt 0:00:02]} Ke8 {[%emt 0:00:02] Zeit (Lag: Av=0.48s, max=1.3s)} 0-1

[Event "Stay Safe Play From Home 294"]
[Site "Emanuel Lasker Arena"]
[Date "2020.07.10"]
[Round "6"]
[White "Bishop91"]
[Black "Haris kollari 13"]
[Result "0-1"]
[WhiteElo "1724"]
[BlackElo "1915"]
[Annotator "NA"]
[PlyCount "64"]
[EventDate "2020.07.10"]
[EventType "swiss (blitz)"]

1. e4 {[%emt 0:00:08]} e5 {[%emt 0:00:01]} 2. Nf3 {[%emt 0:00:02]} d6 {[%emt 0:00:01]} 3. Bc4 {[%emt 0:00:02]} c5 {[%emt 0:00:01]} 4. O-O {[%emt 0:00:01]} Nc6 {[%emt 0:00:01]} 5. h3 {[%emt 0:00:00]} Be6 {[%emt 0:00:01]} 6. Bb3 {[%emt 0:00:02]} Nf6 {[%emt 0:00:05]} 7. c3 {[%emt 0:00:01]} Qd7 {[%emt 0:00:02]} 8. Re1 {[%emt 0:00:01]} Be7 {[%emt 0:00:01]} 9. d4 {[%emt 0:00:06]} exd4 {[%emt 0:00:04]} 10. cxd4 {[%emt 0:00:00]} Bxb3 {[%emt 0:00:02]} 11. axb3 {[%emt 0:00:03]} O-O {[%emt 0:00:06]} 12. Nc3 {[%emt 0:00:04]} cxd4 {[%emt 0:00:01]} 13. Nxd4 {[%emt 0:00:03]} h6 {[%emt 0:00:07]} 14. Be3 {[%emt 0:00:04]} Rfe8 {[%emt 0:00:02]} 15. f3 {[%emt 0:00:03]} Rad8 {[%emt 0:00:04]} 16. Nxc6 {[%emt 0:00:24]} bxc6 {[%emt 0:00:02]} 17. Rxa7 {[%emt 0:00:03]} Qe6 {[%emt 0:00:01]} 18. b4 {[%emt 0:00:29]} Rb8 {[%emt 0:00:02]} 19. Qa4 {[%emt 0:00:23]} Qc4 {[%emt 0:00:05]} 20. Ra1 {[%emt 0:00:54]} Rxb4 {[%emt 0:00:06]} 21. Qd1 {[%emt 0:00:05]} Rxb2 {[%emt 0:00:03]} 22. R1a3 {[%emt 0:00:06]} d5 {[%emt 0:00:05]} 23. Rxe7 {[%emt 0:00:11]} Rxe7 {[%emt 0:00:02]} 24. Ra8+ {[%emt 0:00:00]} Kh7 {[%emt 0:00:04]} 25. Na4 {[%emt 0:00:08]} Ra2 {[%emt 0:00:06]} 26. exd5 {[%emt 0:00:15]} Rxe3 {[%emt 0:00:05]} 27. d6 {[%emt 0:00:01]} Rd3 {[%emt 0:00:06]} 28. Qb1 {[%emt 0:00:06]} Qd4+ {[%emt 0:00:32]} 29. Kh2 {[%emt 0:00:10]} Qe5+ {[%emt 0:00:02]} 30. f4 {[%emt 0:00:01]} Qxf4+ {[%emt 0:00:02]} 31. Kh1 {[%emt 0:00:00]} Rad2 {[%emt 0:00:03]} 32. Qg1 {[%emt 0:00:03]} Rd1 {[%emt 0:00:03] Bishop91 resigns (Lag: Av=0.37s, max=0.7s)} 0-1

[Event "Stay Safe Play From Home 294"]
[Site "Emanuel Lasker Arena"]
[Date "2020.07.10"]
[Round "6"]
[White "Klasman"]
[Black "Timbre"]
[Result "1-0"]
[WhiteElo "1617"]
[BlackElo "1621"]
[Annotator "NA"]
[PlyCount "70"]
[EventDate "2020.07.10"]
[EventType "swiss (blitz)"]

1. f4 {[%emt 0:00:02]} d5 {[%emt 0:00:27]} 2. e3 {[%emt 0:00:02]} c6 {[%emt 0:00:02]} 3. Nf3 {[%emt 0:00:01]} Nf6 {[%emt 0:00:01]} 4. d4 {[%emt 0:00:01]} Bg4 {[%emt 0:00:04]} 5. c4 {[%emt 0:00:02]} e6 {[%emt 0:00:01]} 6. Qb3 {[%emt 0:00:04]} Qc7 {[%emt 0:00:05]} 7. Nbd2 {[%emt 0:00:05]} Be7 {[%emt 0:00:06]} 8. Be2 {[%emt 0:00:11]} Bxf3 {[%emt 0:00:03]} 9. Nxf3 {[%emt 0:00:02]} Ne4 {[%emt 0:00:02]} 10. O-O {[%emt 0:00:07]} O-O {[%emt 0:00:03]} 11. Bd3 {[%emt 0:00:09]} f5 {[%emt 0:00:04]} 12. Ne5 {[%emt 0:00:03]} Bf6 {[%emt 0:00:02]} 13. Bxe4 {[%emt 0:00:02]} fxe4 {[%emt 0:00:02]} 14. Bd2 {[%emt 0:00:03]} Nd7 {[%emt 0:00:04]} 15. Rac1 {[%emt 0:00:02]} Bxe5 {[%emt 0:00:08]} 16. dxe5 {[%emt 0:00:05]} Qd8 {[%emt 0:00:04]} 17. c5 {[%emt 0:00:07]} Qe7 {[%emt 0:00:04]} 18. Qxb7 {[%emt 0:00:08]} Rab8 {[%emt 0:00:08]} 19. Qxa7 {[%emt 0:00:20]} Rxb2 {[%emt 0:00:04]} 20. Bc3 {[%emt 0:00:01]} Rb5 {[%emt 0:00:13]} 21. Bd4 {[%emt 0:00:04]} Qd8 {[%emt 0:00:12]} 22. a4 {[%emt 0:00:11]} Ra5 {[%emt 0:00:03]} 23. Qb7 {[%emt 0:00:14]} Rxa4 {[%emt 0:00:04]} 24. Qxc6 {[%emt 0:00:02]} Qe7 {[%emt 0:00:03]} 25. f5 {[%emt 0:00:10]} Rxd4 {[%emt 0:00:11]} 26. exd4 {[%emt 0:00:04]} exf5 {[%emt 0:00:01]} 27. Qxd5+ {[%emt 0:00:02]} Kh8 {[%emt 0:00:03]} 28. c6 {[%emt 0:00:13]} Nb6 {[%emt 0:00:03]} 29. Qc5 {[%emt 0:00:03]} Qxc5 {[%emt 0:00:06]} 30. Rxc5 {[%emt 0:00:03]} f4 {[%emt 0:00:02]} 31. d5 {[%emt 0:00:08]} e3 {[%emt 0:00:04]} 32. d6 {[%emt 0:00:02]} e2 {[%emt 0:00:06]} 33. Re1 {[%emt 0:00:04]} f3 {[%emt 0:00:02]} 34. gxf3 {[%emt 0:00:07]} Rxf3 {[%emt 0:00:03]} 35. Rxe2 {[%emt 0:00:05]} h6 {[%emt 0:00:03] Timbre resigns (Lag: Av=0.45s, max=0.7s)} 1-0

[Event "Stay Safe Play From Home 294"]
[Site "Emanuel Lasker Arena"]
[Date "2020.07.10"]
[Round "7"]
[White "Patzeroglu"]
[Black "Haxhi Baha"]
[Result "1-0"]
[WhiteElo "1969"]
[BlackElo "2084"]
[Annotator "TA"]
[PlyCount "57"]
[EventDate "2020.07.10"]
[EventType "swiss (blitz)"]

{[%evp 15,57,12,7,-45,-47,-45,-37,-40,31,28,40,35,49,49,52,38,35,31,51,59,114,114,114,108,127,68,72,66,66,64,64,53,169,178,191,197,226,227,533,519,1031,923,29998,29999]} 1. e4 e6 2. d4 d5 3. Nc3 Nf6 4. Bg5 Be7 5. e5 Nfd7 6. Bxe7 Qxe7 7. f4 a6 8. Nf3 c5 9. Bd3 {C14: French: Classical System: 4 Bg5 Be7 main line.} (9. dxc5 $11 Nc6 10. g3) 9... cxd4 $1 $15 10. Ne2 Qb4+ 11. Qd2 {[#] Black is slightly better.} Qxd2+ $146 (11... Qxb2 $15 12. O-O Nc6) ({Predecessor:} 11... Qxb2 12. O-O Nc6 13. f5 exf5 14. Qg5 O-O 15. Qxf5 Nf6 16. Qf4 Ne4 17. Bxe4 dxe4 18. Qxe4 {0-1 (74) Jovanovic,Z (2537)-Tadic,B (2500) Zlatibor 2007}) 12. Kxd2 $14 Nc6 13. Nexd4 Nc5 14. Nxc6 bxc6 15. b4 Na4 16. Nd4 Bd7 17. Nb3 c5 ({Black should try} 17... Ke7 $14) 18. Nxc5 $16 Nxc5 19. bxc5 Rc8 20. Bxa6 ({White should play} 20. Rhb1 $16 Ke7 21. Rb7 (21. Bxa6 Rxc5 22. Rb7 Ra8 $14)) 20... Rxc5 $14 21. Rhb1 {[#] Strongly threatening Rb8+.} Ke7 $1 22. Rb7 $36 {[%mdl 2048] Black is under pressure.} Ra8 23. Bd3 f6 ({Better is} 23... Rca5 $14) 24. a4 $18 ({But not} 24. Bxh7 $6 f5 $14) 24... Kd8 25. Bxh7 fxe5 26. fxe5 d4 $2 (26... Kc8 {is more resistant.} 27. Rb4 d4 28. Rxd4 Rxe5) 27. Rf1 {[#] Hoping for Rf8+.} Kc8 (27... Rac8 $142 28. Rf8+ Ke7) 28. Be4 {White threatens Rf8+ and mate.} Rxa4 29. Rf8+ {Accuracy: White = 87%, Black = 43%.} 1-0